2026/27 EFL League Two Teams - Statistics

General Stats
  • This quiz has been taken 5 times
    2 since last reset
  • The average score is 9 of 21
Answer Stats
Club % Correct
Newport County
100%
Accrington Stanley
50%
Barnet
50%
Bristol Rovers
50%
Cheltenham Town
50%
Exeter City
50%
Fleetwood Town
50%
Gillingham
50%
Northampton Town
50%
Oldham Athletic
50%
Port Vale
50%
Rochdale
50%
Rotherham United
50%
Swindon Town
50%
Tranmere Rovers
50%
York City
50%
Colchester United
0%
Crawley Town
0%
Crewe Alexandra
0%
Shrewsbury Town
0%
Walsall
0%
No matching quizzes found
Score Distribution
Percent of People with Each Score
Percentile by Number Answered
Your Score History
You have not taken this quiz since the last reset